Countries and Capitals by Initials - Africa Quiz Stats

 Plays Quiz not verified by Sporcle

Challenge
Share
Tweet
Embed
Score 0/54 Timer 10:00
0 Plays Today
Initials (Capital, Country) Capital and Country % Correct
A A, EAddis Ababa, Ethiopia
93.1%
A, AAlgiers, Algeria
89.7%
C, ECairo, Egypt
88.7%
A, NAbuja, Nigeria
88.7%
A, GAccra, Ghana
88.1%
B, G-BBissau, Guinea-Bissau
86.4%
H, ZHarare, Zimbabwe
86.4%
K, D R O T CKinshasa, Democratic Republic of the Congo
84.5%
F, S LFreetown, Sierra Leone
84.3%
P, S APretoria, South Africa
84.3%
B, R O T CBrazzaville, Republic of the Congo
82.8%
N, KNairobi, Kenya
81.8%
D, DDjibouti, Djibouti
81.5%
S T, S T A PSão Tomé, São Tomé and Príncipe
81.1%
J, S SJuba, South Sudan
79.5%
K, UKampala, Uganda
79.3%
A, EAsmara, Eritrea
77.6%
W, NWindhoek, Namibia
77.6%
L, ALuanda, Angola
77.4%
K, SKhartoum, Sudan
77.2%
K, RKigali, Rwanda
77.1%
T, TTunis, Tunisia
76.9%
A, MAntananarivo, Madagascar
76.5%
O, B FOuagadougou, Burkina Faso
76.3%
T, LTripoli, Libya
76.3%
L, ZLusaka, Zambia
76.3%
B, MBamako, Mali
75.9%
Initials (Capital, Country) Capital and Country % Correct
B, C A RBangui, Central African Republic
75.3%
D, TDodoma, Tanzania
74.8%
N'D, CN'Djamena, Chad
73.8%
P N, BPorto Novo, Benin
73.6%
B, (T) GBanjul, (The) Gambia
73.6%
C, GConakry, Guinea
73.6%
Y, CYaoundé, Cameroon
73.4%
R, MRabat, Morocco
72.8%
G, BGaborone, Botswana
72.7%
V, SVictoria, Seychelles
72.7%
D, SDakar, Senegal
72.3%
M, SMogadishu, Somalia
71.7%
P, C VPraia, Cabo Verde
71.5%
P L, MPort Louis, Mauritius
71.5%
B, BBujumbura, Burundi
71.1%
L, TLomé, Togo
69.8%
M, LMonrovia, Liberia
69.4%
N, NNiamey, Niger
69%
M, E GMalabo, Equatorial Guinea
67.3%
L, MLilongwe, Malawi
67.3%
Y, C D'I (I C)Yamoussoukro, Côte d'Ivoire
66.7%
M, MMaputo, Mozambique
66.3%
L, GLibreville, Gabon
66%
M, CMoroni, Comoros
63.9%
M, LMaseru, Lesotho
62.5%
N, MNouakchott, Mauritania
62.3%
M, SMbabane, Swaziland
62%

You're not logged in!

Compare scores with friends on all Sporcle quizzes.
Join for Free
OR
Log In

You Might Also Like...

Show Comments

Extras

Top Quizzes Today


Score Distribution

Your Account Isn't Verified!

In order to create a playlist on Sporcle, you need to verify the email address you used during registration. Go to your Sporcle Settings to finish the process.

Report this User

Report this user for behavior that violates our Community Guidelines.

Details: